00488nam a2200157Ia 4500082001600000100001900016100002400035100003900059245004600098260002700144300000800171700003700179700003400216700004100250700003900291 aR/5BS(CS)12 aBazgha Sajjad  aRoll No. 12BS(CS)01 aSupervisor - Mr. Zuhaib A. Shaikh  0aAutomated Online Clearance System (AOCS). aNawabshahbQUESTc2016 a38p aAnam Zaman (Roll No. 12BS(CS)14) aJawaria (Roll No. 12BS(CS)35) aMariya Mustafa (Roll No. 12BS(CS)16) aArifa Keerio (Roll No. 12BS(CS)50)